Cross-docking sa už udomácnil

Využívanie cross-dockingových operácií a jeho plánovanie. Zmena filozofie z dodávateľského reťazca na odberateľský. Existencia úspor v distribúcii nízko i rýchloobrátkového tovaru. Rozhodovanie o využívaní cross-dockingu na základe úspor nákladov.

Enregistré dans:
Détails bibliographiques
Auteur principal: Brezovský, Jozef
Format: Chapitre de livre
Langue:slovaque
Sujets:
Tags: Ajouter un tag
Pas de tags, Soyez le premier à ajouter un tag!

MARC

LEADER 00000naa$a2200000$$$4500
001 0055390
005 20231011071617.5
041 0 |a slo 
044 |a CZ 
245 1 0 |a Cross-docking sa už udomácnil  |c Jozef Brezovský 
520 |a Využívanie cross-dockingových operácií a jeho plánovanie. Zmena filozofie z dodávateľského reťazca na odberateľský. Existencia úspor v distribúcii nízko i rýchloobrátkového tovaru. Rozhodovanie o využívaní cross-dockingu na základe úspor nákladov. 
610 2 0 |a logistika distribučná 
610 2 0 |a logistika obchodná 
610 2 0 |a dodávatelia 
610 2 0 |a odberatelia 
610 2 0 |a náklady 
610 2 0 |a úspory 
610 2 0 |a skladovanie 
100 1 |a Brezovský, Jozef